Strategy for integrated development of Arunachal Pradesh / (Record no. 17088)

MARC details
000 -LEADER
fixed length control field 00741nam a22002177a 4500
005 - DATE AND TIME OF LATEST TRANSACTION
control field 2008102008008.0
008 - FIXED-LENGTH DATA ELEMENTS--GENERAL INFORMATION
fixed length control field 081020t xxu||||| |||| 00| 0 eng d
010 ## - LIBRARY OF CONGRESS CONTROL NUMBER
LC control number ENG-84122
020 ## - INTERNATIONAL STANDARD BOOK NUMBER
International Standard Book Number 8183240531
020 ## - INTERNATIONAL STANDARD BOOK NUMBER
Terms of availability 395.00 (hb)
035 ## - SYSTEM CONTROL NUMBER
System control number EN-67655
082 ## - DEWEY DECIMAL CLASSIFICATION NUMBER
Classification number 338.954511
100 ## - MAIN ENTRY--PERSONAL NAME
Personal name Shukla, S P
245 ## - TITLE STATEMENT
Title Strategy for integrated development of Arunachal Pradesh /
Statement of responsibility, etc by S P Shukla
260 ## - PUBLICATION, DISTRIBUTION, ETC. (IMPRINT)
Place of publication, distribution, etc New Delhi
Name of publisher, distributor, etc Mittal Publications
260 ## - PUBLICATION, DISTRIBUTION, ETC. (IMPRINT)
Date of publication, distribution, etc 2006
300 ## - PHYSICAL DESCRIPTION
Extent viii,170p
Dimensions 22cm
500 ## - GENERAL NOTE
General note Includes index
942 ## - ADDED ENTRY ELEMENTS (KOHA)
Source of classification or shelving scheme Dewey Decimal Classification
Koha item type English Books
Classification part 338.954511
Call number suffix SHU
Holdings
Withdrawn status Lost status Source of classification or shelving scheme Damaged status Not for loan Home library Current library Date acquired Cost, normal purchase price Total Checkouts Full call number Barcode Date last seen Cost, replacement price Price effective from Koha item type
    Dewey Decimal Classification   Not For Loan D.B.Act.Division D.B.Act.Division 26/02/2007 395.00   338.954511 SHU EN-67655 21/10/2008 395.00 21/10/2008 English Books

© Delhi Public Library
Hit Counter
free hit counter